000 00311nam a22001337a 4500
008 180212b xxu||||| |||| 00| 0 eng d
020 _a1567065325
041 _aeng
080 _a34
100 _a15
101 _aJUR
245 _aConstitutional law Principles and policies
_cChemerinsky,E
942 _2udc
_cBK
999 _c42298
_d42298